Gaining word power (Record no. 40636)

MARC details
000 -LEADER
fixed length control field 00412nam a2200181Ia 4500
020 ## - INTERNATIONAL STANDARD BOOK NUMBER
ISBN 9780205755851
050 ## - CALL MARK
Classification number PE 1449 .R896/
100 ## - STATEMENT OF RESPONSIBILITY--MAIN AUTHOR NAME
Personal name Rubin, Dorothy.
245 #0 - TITLE STATEMENT
Title Gaining word power
250 ## - EDITION / VOLUME STATEMENT
Edition / Volume statement 8th ed.
260 ## - PUBLICATION, DISTRIBUTION, ETC. (IMPRINT)
Place of publication New York
260 ## - PUBLICATION, DISTRIBUTION, ETC. (IMPRINT)
Name of publisher Pearson/Longman
300 ## - PHYSICAL DESCRIPTION
Number of Pages 356 p
650 ## - SUBJECT ADDED ENTRY--TOPICAL TERM
Topical Term New York
942 ## - ADDED ENTRY ELEMENTS (KOHA)
Koha item type Books
Holdings
Withdrawn status Lost status Damaged status Not for loan Permanent Location Current Location Shelving location Date acquired Accession Number Price effective from Koha item type
        NILE UNIVERSITY OF NIGERIA - MAIN LIBRARY NILE UNIVERSITY OF NIGERIA - MAIN LIBRARY Items on shelf 06/03/2025 0011441 06/03/2025 Books